| 000 | 00000nam 2200000zi 4500 |
| 001 | 9.945668 |
| 003 | CaOODSP |
| 005 | 20241127140443 |
| 006 | m o d f |
| 007 | cr |n||||||||| |
| 008 | 241127t19961996onca obf f001 0 fre d |
| 020 | |z0660600285 |
| 040 | |aCaOODSP|bfre|erda|cCaOODSP |
| 043 | |an-cn--- |
| 086 | 1 |aX9-2/5-1996F-PDF|zX9-2/5-1996 |
| 245 | 00|aPrécis de procédure. |
| 250 | |aCinquième édition. |
| 264 | 1|aOttawa, Canada : |bChambre des communes, Direction des recherches pour le Bureau, |c1996. |
| 264 | 4|c©1996 |
| 300 | |a1 ressource en ligne (149, 4 pages) : |billustration |
| 336 | |atexte|btxt|2rdacontent/fre |
| 337 | |ainformatique|bc|2rdamedia/fre |
| 338 | |aressource en ligne|bcr|2rdacarrier/fre |
| 500 | |aÉdition numérisée de l'imprimée [par Direction des publications du Gouvernement du Canada]. |
| 500 | |aPublié aussi en anglais sous le titre : Précis of procedure. |
| 504 | |aComprend des références bibliographiques (pages 129-132). |
| 610 | 10|aCanada.|bParlement.|bChambre des communes|xRèglements et procédure|vGuides, manuels, etc. |
| 650 | 6|aProcédure parlementaire|zCanada|vGuides, manuels, etc. |
| 650 | 6|aLégislation|zCanada|vGuides, manuels, etc. |
| 655 | 7|aGuides et manuels|2rvmgf |
| 710 | 1 |aCanada.|bChambre des communes. |bDirection des recherches pour le Bureau, |eorganisme de publication. |
| 775 | 08|tPrécis of procedure.|w(CaOODSP)9.945660 |
| 856 | 40|qPDF|s8.42 Mo|uhttps://publications.gc.ca/collections/collection_2024/parl/X9-2-5-1996-fra.pdf |